[Event "GER-ch U12"]
[Site "Willingen"]
[Date "2016.05.18"]
[Round "7"]
[White "Koelle, Tobias"]
[Black "Wu, Leon"]
[Result "0-1"]
[WhiteElo "1715"]
[BlackElo "1840"]
[PlyCount "150"]
[EventDate "2016.05.15"]
[EventType "swiss"]
[EventRounds "11"]
[EventCountry "GER"]
[SourceTitle "CBM 172 Extra"]
[Source "ChessBase"]
[SourceDate "2016.06.21"]
[SourceVersion "1"]
[SourceVersionDate "2016.06.21"]
[SourceQuality "1"]

1. d4 Nf6 2. c4 e6 3. Nc3 Bb4 4. f3 d5 5. a3 Bxc3+ 6. bxc3 c5 7. cxd5 Nxd5 8. dxc5 Qa5 9. e4 Nf6 10. Be3 0-0 11. Qb3 Nfd7 12. Bc4 Qc7 13. Ne2 Nxc5 14. Qa2 Nbd7 15. 0-0 b6 16. Nd4 Bb7 17. Rfd1 a6 18. Rac1 Rfe8 19. Qd2 Rad8 20. Bg5 Rc8 21. Ne2 Bxe4 22. fxe4 Nxe4 23. Qxd7 Qxc4 24. Be3 Qxe2 25. Bxb6 Qb2 26. Bd8 Rcxd8 27. Qxd8 Qf2+ 28. Kh1 Qf1+ 29. Rxf1 Rxd8 30. Kg1 f5 31. c4 Rc8 32. c5 Kf7 33. Rfd1 Rc6 34. Kf1 Kf6 35. Ke2 g5 36. Rd4 Ke5 37. Rdc4 Kd5 38. R4c2 h5 39. Rd1+ Ke5 40. Rb1 Rxc5 41. Rxc5+ Nxc5 42. Rb8 Kd4 43. h4 gxh4 44. Rh8 Ne4 45. Kf3 Ng5+ 46. Kf4 h3 47. gxh3 Nxh3+ 48. Kg3 Ng5 49. Ra8 Ne4+ 50. Kh4 Nc5 51. Kxh5 e5 52. Kg5 Ke4 53. Rc8 Ne6+ 54. Kf6 Nd4 55. Rc5 Nf3 56. Ra5 f4 57. Rxa6 Ke3 58. Kf5 e4 59. Rb6 Nd4+ 60. Ke5 f3 61. a4 f2 62. Rb1 Nc6+ 63. Kd5 Na5 64. Rh1 Kf3 65. Kd4 e3 66. Kd3 e2 67. Rh3+ Kg2 68. Rh2+ Kxh2 69. Kxe2 Kg2 70. Kd3 f1Q+ 71. Kc3 Qc4+ 72. Kb2 Qb3+ 73. Kc1 Qa2 74. Kd1 Kf3 75. Kc1 Ke3 0-1

[Event "GER-ch U12"]
[Site "Willingen"]
[Date "2016.05.17"]
[Round "5"]
[White "Dobrikov, Marco"]
[Black "Wu, Leon"]
[Result "0-1"]
[WhiteElo "1902"]
[BlackElo "1840"]
[PlyCount "48"]
[EventDate "2016.05.15"]
[EventType "swiss"]
[EventRounds "11"]
[EventCountry "GER"]
[SourceTitle "CBM 172 Extra"]
[Source "ChessBase"]
[SourceDate "2016.06.21"]
[SourceVersion "1"]
[SourceVersionDate "2016.06.21"]
[SourceQuality "1"]

1. e4 e5 2. Nf3 Nc6 3. Bc4 Bc5 4. c3 Nf6 5. d3 d6 6. Bb3 Bg4 7. Nbd2 0-0 8. 0-0 Ne7 9. Re1 Ng6 10. h3 Be6 11. Nf1 h6 12. Ng3 a6 13. Be3 Ba7 14. Qd2 Re8 15. Bxh6 Bxb3 16. axb3 gxh6 17. Nf5 Nh7 18. Nxh6+ Kf8 19. Nf5 Nf4 20. g3 Ng5 21. Nh2 Ngxh3+ 22. Kf1 Qg5 23. gxf4 Nxf4 24. Ng3 Qh4 0-1